[Event "Morelia/Linares"]
[Site "23"]
[Date "2006.02.18"]
[Round "1"]
[White "Vallejo Pons, Francisco"]
[Black "Leko, Peter"]
[Result "0-1"]
[WhiteElo "2650"]
[BlackElo "2740"]
[Annotator "JvR"]
[PlyCount "80"]
[EventDate "2006.??.??"]

1. d4 Nf6 2. c4 e6 3. Nc3 Bb4 4. Qc2 O-O 5. e4 d5 6. e5 Ne4 7. a3 Bxc3+ 8. bxc3
c5 9. Bd3 Qa5 10. Ne2 cxd4 11. cxd5 exd5 12. f3 Nxc3 13. Nxd4 Ne4+ 14. Ke2 f5
$1 15. Be3 $5 {Vallejo plays a new move in a spectacular opening.} ({The greedy
} 15. fxe4 fxe4 16. Bb5 {is punished by} Bg4+ 17. Ke3 Qb6) ({Best is} 15. e6 $1
{(Lékó).}) 15... Nc6 $1 16. Nxc6 bxc6 17. Rhc1 (17. Qxc6 Rb8 18. Rhc1 f4 $1 19.
Bxf4 Rb2+ 20. Kf1 Bd7 $1 {favours Black.}) 17... Rb8 $1 {The crucial position
has been reached.} 18. Kd1 $2 ({Right is} 18. Kf1 $1 f4 $1 19. Bxe4 fxe3 20.
Bxh7+ Kh8 21. Bd3 {(Lékó).}) 18... Rd8 19. Bd4 Be6 20. Rab1 ({Not} 20. Qxc6 $4
Qd2#) 20... Rxb1 21. Rxb1 c5 $1 22. Rb5 ({Or} 22. fxe4 dxe4 23. Qxc5 Qa4+)
22... Qxa3 23. Bb2 Qa2 24. Be2 Bd7 25. fxe4 Bxb5 26. Bxb5 Rb8 27. Bc6 Qxb2 28.
Bxd5+ Kh8 29. Qxb2 Rxb2 30. exf5 Rb4 31. Kc2 Rd4 $2 ({Later Lékó finds} 31...
Rf4 $1 32. g4 Rd4) 32. Bf7 Re4 33. e6 h5 $1 34. Bxh5 ({Probably} 34. Kd3 $1 Re5
35. Kc4 a6 $1 36. h4 $1 {draws (Lékó).}) 34... Kg8 35. g4 Kf8 36. g5 Ke7 37. h3
a5 38. Bg4 a4 39. f6+ gxf6 40. g6 Kf8 0-1

[Event "Morelia/Linares"]
[Site "23"]
[Date "2006.02.19"]
[Round "2"]
[White "Ivanchuk, Vassily"]
[Black "Aronian, Levon"]
[Result "1-0"]
[WhiteElo "2729"]
[BlackElo "2752"]
[Annotator "JvR"]
[PlyCount "89"]
[EventDate "2006.??.??"]

1. Nf3 Nf6 2. c4 b6 3. g3 Bb7 4. Bg2 c5 5. O-O g6 6. Nc3 Bg7 7. d4 cxd4 8. Qxd4
d6 9. Be3 Nbd7 10. Rac1 Rc8 11. b3 a6 12. Rfd1 O-O 13. Qd2 Ne4 $5 14. Nxe4 Bxe4
15. Ne1 Nf6 16. Bh3 $1 Rb8 17. Nd3 Ba8 18. f3 $1 {White extends his control
over the centre.} e6 19. Bf2 Re8 $2 (19... Bb7 {makes a useful move.}) 20. Nb4
$1 a5 21. Na6 $1 {White could have further advanced in the centre but
preferred a strong combination.} Rc8 ({The tactical pointe is} 21... Rb7 22. c5
$1 Ra7 23. Qd3 {(Ivanchuk)} bxc5 24. Nxc5) 22. Qxd6 Qxd6 23. Rxd6 Nd5 24. Rd1
Nc3 25. R1d2 b5 26. Rd7 Be5 27. cxb5 Nxb5 28. Bf1 Bc6 29. R7d3 Na3 30. f4 Bf6
31. Nc5 Be7 32. Rd1 Nb5 33. Na4 Be4 34. Rd7 Bb4 35. Bg2 Bxg2 36. Kxg2 Rc2 37.
Rb7 Na3 38. Rdd7 Rf8 39. Kf3 Nb1 40. Be3 Rxa2 41. Bc5 Nd2+ 42. Kg2 Bxc5 43.
Nxc5 e5 $2 (43... Nb1 {prolongs the resistance.}) 44. Ne6 $1 exf4 ({Or} 44...
Re8 45. Re7 $1) 45. Rxf7 $1 1-0

[Event "Morelia/Linares"]
[Site "23"]
[Date "2006.02.19"]
[Round "2"]
[White "Leko, Peter"]
[Black "Radjabov, Teimour"]
[Result "1-0"]
[WhiteElo "2740"]
[BlackElo "2700"]
[Annotator "JvR"]
[PlyCount "89"]
[EventDate "2006.??.??"]

1. e4 c5 2. Nf3 Nc6 3. d4 cxd4 4. Nxd4 Nf6 5. Nc3 e5 6. Ndb5 d6 7. Bg5 a6 8.
Na3 b5 9. Nd5 Be7 10. Bxf6 Bxf6 11. c3 O-O 12. Nc2 Bg5 13. a4 bxa4 14. Rxa4 a5
15. Bc4 Rb8 16. b3 Kh8 17. Nce3 Be6 18. h4 Bf4 $6 ({Better is} 18... Bxe3 19.
Nxe3 {(Barrientos - Fluvia Poyatos, Badalona 2005).}) 19. Nf5 $1 g6 20. Nfe3
Kg7 21. g3 Bh6 22. Ng4 f5 23. Nxh6 Kxh6 24. h5 g5 {The black king has an odd
position.} 25. exf5 Bxf5 26. Ne3 Bc8 $5 27. Ra2 Ne7 $1 28. O-O Rf6 29. Qe2 {
The black position has many holes.} Qb6 $6 ({The active} 29... d5 $5 30. Nxd5
Nxd5 31. Rd1 Nxc3 $1 32. Rxd8 Nxe2+ 33. Bxe2 Rc6 {fights for survival.}) 30.
Rfa1 Qc6 31. Rxa5 Bb7 32. Bd5 Nxd5 33. Rxd5 $1 Qxc3 34. Ng4+ Kg7 35. Ra7 Re6
36. Qc4 $1 Qe1+ $6 {Exchange leads to a poor ending.} 37. Kg2 $1 Re7 38. Rxb7
$1 Rexb7 39. Rxd6 {The white attack has become unstoppable.} Rf8 40. h6+ Kh8
41. Qd5 Rbb8 42. Qd3 Qb4 43. Rd7 e4 44. Qd5 Rb5 45. Nf6 {Lékó and Svidler
started with two wins.} 1-0

[Event "Morelia/Linares"]
[Site "23"]
[Date "2006.02.22"]
[Round "4"]
[White "Leko, Peter"]
[Black "Ivanchuk, Vassily"]
[Result "1-0"]
[WhiteElo "2740"]
[BlackElo "2729"]
[Annotator "JvR"]
[PlyCount "77"]
[EventDate "2006.??.??"]

1. e4 e5 2. Nf3 Nc6 3. Bb5 a6 4. Ba4 Nf6 5. O-O Be7 6. Re1 b5 7. Bb3 O-O 8. a4
Bb7 9. d3 d6 10. Nbd2 Na5 11. Ba2 c5 12. Nf1 Bc8 13. c3 $5 Bd7 14. Ne3 Qc7 15.
axb5 axb5 16. b4 {White has set a trap.} Nb7 (16... cxb4 $2 17. cxb4 Nc6 {is
punished by the sacrifices} 18. Bxf7+ $1 Kxf7 19. Qb3+ Kg6 20. Nh4+ Kh5 21.
Qd1+ $1 Kxh4 22. Nf5+ Bxf5 {(Lékó)} 23. exf5 Nd4 24. Re4+ $1 Nxe4 25. g3+ {and
mate in three.}) 17. Bd2 Nd8 18. Bb3 Rxa1 19. Qxa1 Re8 20. bxc5 Qxc5 21. Qa2 h6
$1 22. h3 Ne6 23. Nd5 Nxd5 24. Bxd5 Qc8 25. d4 Bf6 26. Qb3 Bc6 $2 ({Solidity
brings} 26... Qa6 {(Léló).}) 27. Qb4 $1 exd4 28. cxd4 Bxd5 29. exd5 Ng5 $2 (
29... Nf8 $1 30. Rxe8 Qxe8 31. Qxd6 Be7 32. Qc6 Qb8 {offers more resistance.})
30. Rxe8+ Qxe8 31. Bxg5 hxg5 32. Qxd6 Qe2 33. Qc5 Qc4 34. Qxc4 bxc4 35. Kf1 $1
Kf8 36. d6 Ke8 37. Ne5 {Pawn d6 survives.} Bxe5 38. dxe5 Kd7 39. g3 $1 {Lékó
and Svidler led by a score of 31/2/4. Hundreds of chess fans followed the
games eagerly.} 1-0

[Event "Morelia/Linares"]
[Site "23"]
[Date "2006.02.23"]
[Round "5"]
[White "Aronian, Levon"]
[Black "Svidler, Peter"]
[Result "1-0"]
[WhiteElo "2752"]
[BlackElo "2765"]
[Annotator "JvR"]
[PlyCount "75"]
[EventDate "2006.??.??"]

1. d4 Nf6 2. c4 g6 3. Nc3 d5 4. Bg5 Ne4 5. Bh4 c5 6. cxd5 Nxc3 7. bxc3 Qxd5 8.
e3 cxd4 9. Qxd4 Qxd4 10. cxd4 e6 11. Rb1 Be7 12. Bxe7 Kxe7 13. Bd3 Nc6 14. Nf3
b6 15. Ke2 Bb7 16. Rhc1 Rhc8 17. g4 h6 18. h4 Na5 19. g5 hxg5 20. hxg5 Rxc1 21.
Rxc1 Rc8 22. Rxc8 Bxc8 {Black has exchanged a lot.} 23. Ne5 Bb7 24. a3 Nc6 25.
Ng4 Nb8 26. Kd2 Bc6 27. Kc3 Nd7 {The black position looks invulnerable.} 28. f4
a5 29. e4 b5 30. Bc2 f5 $6 {Black should defend passively.} 31. exf5 $1 exf5 $2
(31... gxf5 $1 32. Ne5 Be4 $1 {(Krasenkow)} 33. Nxd7 Kxd7 {draws, because the
breach} 34. Bxe4 $2 fxe4 35. f5 {fails due to} Ke7 $1 36. g6 Kf6 37. fxe6 Kxg6
38. d5 Kf6 39. Kd4 b4 40. axb4 a4 $1) 32. Ne5 Nxe5 33. dxe5 b4+ $5 34. axb4
axb4+ 35. Kxb4 Bd7 36. Bb3 Bc6 37. Kc5 {The black fortress is not impregnable.}
Be8 $2 ({Krasenkow gives the win} 37... Bf3 38. Bg8 Be2 (38... Kf8 39. Bd5) 39.
e6 Bf3 40. Bf7 Be4 41. Bxg6 Kxe6 42. Bh5 Bg2 43. Be2 Kf7 44. Kd4 Kg6 45. Bd3
Bf3 (45... Bc6 46. Ke5 Bd7 47. Bc2 Bc8 48. Ba4 {and White wins}) 46. Ke5 Bg4
47. Bc2 Bh3 48. Ba4 Bg4 49. Bd7 $1 {(zugzwang)} Bh3 50. Be8+ Kg7 51. Bh5 $1)
38. e6 $1 {Black loses immediately due to zugzwang.   The leader Svidler was
going to lose two games in a row.} 1-0

[Event "Morelia/Linares"]
[Site "23"]
[Date "2006.02.23"]
[Round "5"]
[White "Ivanchuk, Vassily"]
[Black "Topalov, Veselin"]
[Result "0-1"]
[WhiteElo "2729"]
[BlackElo "2801"]
[Annotator "JvR"]
[PlyCount "80"]
[EventDate "2006.??.??"]

1. d4 d5 2. c4 c6 3. Nf3 Nf6 4. Nc3 a6 5. cxd5 cxd5 6. Qb3 Nc6 7. Bg5 e6 8. e3
h6 9. Bxf6 Qxf6 10. Bd3 Bd6 11. O-O O-O 12. Rac1 b5 13. Bb1 Bd7 14. Qc2 g6 15.
Qd2 Rac8 16. Rfd1 Rc7 17. Qe1 b4 18. Ne2 a5 19. Qd2 Rfc8 20. Ne1 a4 21. Nd3 Na5
22. Rxc7 Rxc7 23. Rc1 Nc4 24. Qe1 Qd8 25. g3 Bb5 26. h4 g5 27. hxg5 hxg5 28.
Kg2 $2 (28. Nc5 $1 {lifts the pressure.}) 28... Qc8 29. Ng1 f6 30. Qd1 Be8 31.
Nf3 Bh5 32. Rc2 Bg6 33. Re2 g4 34. Nh4 Be4+ 35. Kh2 f5 {Topalov seems to
charge everywhere.} 36. Ne1 $2 ({The calm} 36. Qxa4 $1 Rh7 37. Kg1 {defends
properly.}) 36... Nxe3 37. Rxe3 Rc1 38. Qd2 Rxb1 39. Rxe4 dxe4 40. Qg5+ Kf7 0-1

[Event "Morelia/Linares"]
[Site "23"]
[Date "2006.02.25"]
[Round "6"]
[White "Topalov, Veselin"]
[Black "Vallejo Pons, Francisco"]
[Result "0-1"]
[WhiteElo "2801"]
[BlackElo "2650"]
[Annotator "JvR"]
[PlyCount "112"]
[EventDate "2006.??.??"]

1. d4 d5 2. c4 c6 3. Nc3 Nf6 4. Nf3 e6 5. Bg5 h6 6. Bh4 dxc4 7. e4 g5 8. Bg3 b5
9. Be2 Bb7 10. O-O Nbd7 11. Ne5 h5 12. Nxd7 Qxd7 13. Be5 Rh6 14. f3 $5 ({
Radjabov played} 14. f4 {against Vallejo in the previous round.}) 14... Qe7 ({
An alternative gives} 14... c5 15. a4 a6) 15. a4 a6 16. Qc2 Rd8 17. Rad1 Nd7
18. Bc7 Rc8 19. Bg3 e5 20. d5 $5 b4 21. dxc6 Rhxc6 22. Nd5 Qe6 23. Qd2 $6 {The
queen should stay on c2.} h4 24. Bf2 c3 25. bxc3 bxc3 {Still the c-pawn can be
stopped.} 26. Qxg5 $2 ({White has to retreat by} 26. Qc2) 26... c2 27. Rc1 h3
28. g3 Qh6 29. Qf5 (29. Qxh6 Bxh6 30. Be3 Bf8 {has the same effect.}) 29... Qd2
30. Rfe1 Ba3 $1 {White loses material.} 31. f4 Bxc1 32. Bh5 Rg6 33. Bxg6 Bxd5
34. exd5 Qxe1+ 35. Bxe1 Be3+ 36. Kf1 c1=Q 37. Qxf7+ Kd8 38. Ke2 Bb6 39. Bd2
Qc4+ 40. Kf3 e4+ 41. Kg4 Kc7 42. a5 Bd4 43. Bf5 Rg8+ 44. Kh4 Rh8+ 45. Kg5 Qb5
46. Be6 e3 47. Be1 e2 48. g4 Rf8 49. Qh7 Be3 50. Kh4 Bxf4 51. g5 Qa4 52. Kh5
Bxh2 53. Bxh3 Be5 54. Qd3 Rh8+ 55. Kg6 Nf8+ 56. Kf7 Kd8 $1 {Topalov had lost
again.} 0-1

[Event "Morelia/Linares"]
[Site "23"]
[Date "2006.02.26"]
[Round "7"]
[White "Bacrot, Etienne"]
[Black "Aronian, Levon"]
[Result "0-1"]
[WhiteElo "2717"]
[BlackElo "2752"]
[Annotator "JvR"]
[PlyCount "110"]
[EventDate "2006.??.??"]

1. d4 Nf6 2. c4 e6 3. Nc3 Bb4 4. Nf3 c5 5. g3 Ne4 6. Qd3 Qa5 7. Qxe4 Bxc3+ 8.
Bd2 Bxd2+ 9. Nxd2 Nc6 10. dxc5 b6 11. Bg2 Bb7 12. Qf4 bxc5 13. Qd6 Qb6 14. Ne4
Nd4 $5 {Aronian sacrifices material.} 15. Qxb6 axb6 16. Nd6+ Ke7 17. Bxb7 Nc2+
18. Kd2 Nxa1 19. Nxf7 $1 Rxa2 $1 20. Nxh8 Rxb2+ 21. Kd3 Rb3+ 22. Ke4 Nc2 {The
white knight is trapped on h8.} 23. e3 b5 24. Kf4 bxc4 $6 (24... Rb4 $1 25. Be4
Rxc4 26. Kf3 g6 {keeps the white knight imprisoned.}) 25. Be4 Nb4 26. Bxh7 Nd3+
27. Kg5 Nxf2 28. Rf1 Rb2 29. h4 d5 {An avalanche of black pawns starts.} 30.
Ra1 Kd7 $5 31. Nf7 c3 32. Kg6 Ng4 33. Rg1 {The battle has reached a highlight.}
Re2 $2 ({Right is} 33... Nxe3 $1 34. Kxg7 Rf2 $1 35. Ra1 Rg2 $1 36. h5 Rxg3+
37. Bg6 d4 38. h6 Nf5+ 39. Kf6 Nxh6 40. Nxh6 d3 41. Nf7 Rxg6+ $1 42. Kxg6 d2 {
drawn.}) 34. Kxg7 Rxe3 35. h5 d4 36. h6 c4 37. Bc2 $2 (37. Rd1 $1 d3 38. Bxd3
cxd3 39. h7 c2 40. Ra1 $1 {brings a decisive attack.}) 37... Nxh6 $1 38. Nxh6
d3 39. Ba4+ Kd6 40. g4 Kc5 41. g5 Kb4 42. Ng4 $1 Re4 43. Nf6 $2 (43. g6 $1 Kxa4
44. Kf7 d2 45. g7 d1=Q 46. g8=Q $1 Qxg1 47. Qa8+ Kb3 48. Qb7+ Ka3 49. Qa8+ Kb2
50. Qb7+ Kc1 51. Qxe4 c2 52. Ne3 $1 {and the knight can save the day because
it stayed on g4 (Gavrikov).}) 43... Re5 44. Bd1 d2 45. g6 Re1 46. Kf7 Rxg1 47.
g7 Ka3 48. Bg4 Rxg4 49. Nxg4 d1=Q 50. g8=Q Qd7+ 51. Kf6 Qd4+ 52. Kxe6 c2 53.
Qa8+ Kb2 54. Qb8+ Kc1 55. Qg8 Kd1 {The first cycle had ended in Morelia. Lékó
led by 5/7 before Aronian 41/2 and Svidler 4. Topalov had only scored 21/2
points. The players flew from Mexico to Spain.} 0-1

[Event "Morelia/Linares"]
[Site "23"]
[Date "2006.03.04"]
[Round "9"]
[White "Bacrot, Etienne"]
[Black "Topalov, Veselin"]
[Result "0-1"]
[WhiteElo "2717"]
[BlackElo "2801"]
[Annotator "JvR"]
[PlyCount "76"]
[EventDate "2006.??.??"]

{Cycle two was played in Linares from 3 until 11 iii. Topalov retorted.} 1. d4
d5 2. c4 c6 3. Nf3 Nf6 4. e3 a6 5. Bd3 Bg4 6. Nbd2 e6 7. O-O Nbd7 8. b3 c5 9.
cxd5 Nxd5 10. Bb2 Be7 11. Qb1 cxd4 12. Bxd4 Bf6 13. Rc1 Bh5 14. Rc4 Qe7 15. h3
Rd8 16. Be4 Bxd4 17. Nxd4 N7f6 18. Bxd5 Nxd5 19. Qb2 $6 {Hereafter, White
slowly loses the control over terrain.} ({More active is} 19. Qe4 $1) 19... O-O
20. Rac1 Bg6 21. N4f3 f6 22. g3 e5 23. a3 Qe6 24. e4 Ne7 25. Rc7 Rd7 26. h4
Rfd8 27. b4 h6 28. Rxd7 Rxd7 29. b5 axb5 30. Qxb5 Nc6 31. Kg2 Kh7 32. Qc4 $2 {
White should play a neutral move.} Qxc4 33. Rxc4 Rd3 34. a4 Ra3 {Black
threatens .. Bf7.} 35. Nb1 Ra2 36. Nc3 Rc2 {The threat has become .. Nxe4.} 37.
Rc5 Nb4 38. Ne1 Rc1 {White cannot prevent .. Na2.} 0-1

[Event "Morelia/Linares"]
[Site "23"]
[Date "2006.03.05"]
[Round "10"]
[White "Topalov, Veselin"]
[Black "Aronian, Levon"]
[Result "1-0"]
[WhiteElo "2801"]
[BlackElo "2752"]
[Annotator "JvR"]
[PlyCount "151"]
[EventDate "2006.??.??"]

1. d4 Nf6 2. c4 e6 3. Nc3 Bb4 4. Nf3 c5 5. g3 cxd4 6. Nxd4 O-O 7. Bg2 d5 8.
cxd5 Nxd5 9. Qb3 Qb6 10. Bxd5 exd5 11. Be3 Bh3 12. Rc1 Nc6 $5 13. Nxc6 Qxc6 14.
f3 Qc4 15. Kf2 Be6 16. Qxc4 dxc4 17. Rhd1 Bxc3 18. bxc3 b6 19. Rd4 Rfd8 20. g4
Rd5 21. g5 Rad8 22. h4 Kf8 23. Rb1 Ke7 24. Rb2 R8d6 25. Rxd5 Rxd5 26. Bd4 f6
27. e4 Ra5 28. f4 Bd7 29. Ke3 Rb5 {The game can end in a draw quickly, but
Toppy keeps on trucking, because he has a positional edge.} 30. Rg2 Kf7 31. h5
$1 fxg5 32. fxg5 g6 33. Rf2+ Ke8 34. hxg6 hxg6 35. Bf6 Rb1 36. Kd4 Rd1+ 37.
Kxc4 Be6+ 38. Kb5 Ra1 39. Rh2 $1 (39. Ka6 Rxa2+ 40. Rxa2 Bxa2 41. Kxa7 b5 {
draws.}) 39... Rxa2 40. Rh7 $1 Bd7+ 41. Kc4 Rd2 $5 (41... Be6+ $1 42. Kd3 Kf8
43. Re7 Bg4 44. Rg7 Bh5 {draws (Gavrikov).}) 42. Bd4 Be6+ 43. Kb5 Bd7+ 44. Ka6
{Black has a hidden escape.} Bc6 $2 ({Right is} 44... b5 $1 45. Kxa7 b4 $1 46.
Rh8+ Kf7 47. Rd8 Ke7 $1 48. Bf6+ Kd6 49. cxb4 Kc7 50. Rxd7+ Rxd7 {drawn.}) 45.
Kxa7 Bxe4 46. Kxb6 {White has won a pawn.} Rb2+ 47. Kc5 Rb7 48. Rh4 Rc7+ 49.
Kb4 Rb7+ 50. Kc4 Bf5 51. Kc5 Rc7+ $6 (51... Kd7 $1 {offers more resistance.})
52. Kd6 Rd7+ 53. Kc6 Re7 54. Bf6 Re4 55. Rh8+ Kf7 56. Rh7+ Kg8 57. Rg7+ Kf8 58.
Kb5 Re8 59. c4 Rb8+ 60. Ka5 Ra8+ 61. Kb4 Rb8+ 62. Kc3 Rc8 63. Ra7 Be6 64. Be7+
Kg8 65. c5 Bd5 66. Kd4 Bg2 67. Ke5 Ra8 68. Rc7 Ra1 69. Kf6 Be4 70. Rc8+ Kh7 71.
Rd8 Ra6+ 72. Kf7 Bf5 73. Rd4 Be6+ 74. Kf8 Ra8+ 75. Bd8 Bg4 76. c6 {Toppy
caught up, but Lékó led one point on Topalov, Aronian, and Radjabov.} 1-0

[Event "Morelia/Linares"]
[Site "23"]
[Date "2006.03.07"]
[Round "11"]
[White "Aronian, Levon"]
[Black "Vallejo Pons, Francisco"]
[Result "1-0"]
[WhiteElo "2752"]
[BlackElo "2650"]
[Annotator "JvR"]
[PlyCount "71"]
[EventDate "2006.??.??"]

1. d4 d5 2. c4 e6 3. Nc3 c6 4. e4 dxe4 5. Nxe4 Bb4+ 6. Bd2 Qxd4 7. Bxb4 Qxe4+
8. Be2 Na6 9. Bd6 e5 10. Nf3 Bg4 11. O-O O-O-O 12. Bd3 Qf4 13. Bxe5 Qxe5 14.
Nxe5 Bxd1 15. Bf5+ Kc7 16. Nxf7 Bh5 $6 ({Theory is} 16... Nh6 $1 17. Nxh6 Bh5
18. Bg4 Bxg4 19. Nxg4 Rd2 {(Bacrot - Tregubov, Corsica 2005).}) 17. Nxd8 $1
Kxd8 18. g4 Nh6 $1 19. Rad1+ Kc7 20. Rd7+ Kb6 21. Rxg7 Nxf5 22. gxf5 Rf8 $5 (
22... Be2 23. Rc1 Rf8 {is okay.}) 23. Re1 Nc5 $2 {Black will lose a minor
piece.} ({Right is} 23... Rxf5 $1 24. Ree7 Bg6 25. Rxb7+ Kc5 26. Rxa7 Nb4 {
(Dautov).}) 24. b4 $1 Nd3 25. Ree7 Nxb4 26. Rxb7+ Kc5 27. Rg5 $1 Bf3 28. f6+ $1
Kxc4 29. Rf5 Bd5 30. Rf4+ Kc3 31. Rbxb4 Bxa2 32. Ra4 Bf7 33. Rxa7 c5 34. f3 c4
35. Kf2 Kb3 36. Rb7+ 1-0

[Event "Morelia/Linares"]
[Site "23"]
[Date "2006.03.10"]
[Round "13"]
[White "Topalov, Veselin"]
[Black "Leko, Peter"]
[Result "1-0"]
[WhiteElo "2801"]
[BlackElo "2740"]
[Annotator "JvR"]
[PlyCount "141"]
[EventDate "2006.??.??"]

{Topalov wants to defeat the leader in the penultimate round. He has prepared
a quiet opening.} 1. d4 Nf6 2. c4 e6 3. Nc3 Bb4 4. Qc2 O-O 5. a3 Bxc3+ 6. Qxc3
b6 7. Bg5 Bb7 8. Nf3 d6 9. Nd2 Nbd7 10. f3 d5 11. cxd5 exd5 12. e3 Re8 13. Be2
$5 Rc8 14. O-O Qe7 15. Bb5 c6 16. Ba4 h6 17. Bxf6 Nxf6 18. Rfe1 b5 $6 {Black
creates an own weakness.} 19. Bc2 c5 20. Bf5 Rc7 21. dxc5 Rxc5 22. Qd4 a6 23.
a4 bxa4 24. Rxa4 Rc6 25. b4 Qe5 26. Qxe5 Rxe5 27. Bd3 Rb6 28. Kf2 Bc8 29. Rb1
Bf5 30. Bxf5 Rxf5 31. Ra5 g6 32. Ke2 h5 $5 (32... Rh5 $1 33. h3 Kg7 {hampers
the white advance on the kingside.}) 33. g3 Kg7 34. h3 Nd7 35. g4 hxg4 36. hxg4
Re5 37. Kf2 Rc6 38. Rb3 Rb6 39. f4 Ree6 40. g5 Red6 41. e4 $1 Rb5 ({Not} 41...
dxe4 $2 42. Nc4) 42. Rxb5 axb5 43. Rd3 Nb6 44. Nb1 $1 Rc6 $1 45. exd5 Rc4 46.
Kf3 Rxb4 {Black has kept the material balance.} 47. Nd2 f6 48. Ne4 $1 {White
wants to advance the d-pawn.} fxg5 49. Nxg5 Kf6 50. Kg4 Nc4 51. Ne4+ ({He
avoids} 51. d6 $4 Ne5+) 51... Ke7 52. d6+ Kd8 {The d-pawn has advanced
dangerously.} 53. Kg5 Nb2 54. Re3 {Lékó has to make one good move.} Rd4 $2 ({
Right is} 54... Kd7 $1 55. Kxg6 Nc4 56. Rd3 Nxd6 $1 57. Rxd6+ Ke7 {(Topalov).})
55. Nf6 $1 Rxd6 56. Re8+ Kc7 57. Re2 $1 {Black loses material.} Rd1 58. Rxb2
Rg1+ 59. Kh6 Kc6 60. Ne4 Kd5 61. Rb4 Kc6 62. Rd4 Rg4 63. Nf2 Kc5 64. Rd1 Rg2
65. Nd3+ Kc4 66. Ne5+ Kc3 67. Rc1+ Kb2 68. Rc6 Kb3 69. Rxg6 Rf2 70. Rg3+ Kc2
71. Nd3 {The leaders have become the quartet Aronian, Lékó, Radjabov and
Topalov.} 1-0

[Event "Morelia/Linares"]
[Site "23"]
[Date "2006.03.11"]
[Round "14"]
[White "Leko, Peter"]
[Black "Aronian, Levon"]
[Result "0-1"]
[WhiteElo "2740"]
[BlackElo "2752"]
[Annotator "JvR"]
[PlyCount "80"]
[EventDate "2006.??.??"]

1. e4 e5 2. Nf3 Nc6 3. Bb5 a6 4. Ba4 Nf6 5. O-O Be7 6. Re1 b5 7. Bb3 O-O 8. a4
b4 9. d3 d6 10. a5 Be6 11. Nbd2 Qc8 12. Nc4 Rb8 13. Bg5 Kh8 $1 {Aronian
springs a fine novelty.} 14. h3 Ng8 $1 15. c3 bxc3 16. bxc3 f5 17. Ba4 $6 ({
Better is} 17. exf5 Rxf5 18. Be3 {(Knaak).}) 17... fxe4 $1 18. Bxc6 ({The
pointe is} 18. dxe4 Bxc4 19. Bxc6 Rxf3 $1) 18... exf3 19. Bxe7 Nxe7 20. Bxf3
Ng6 21. Bg4 $6 (21. Ne3 Nf4 22. d4 Bb3 23. Bg4 $1 {offers a proper resistance.}
) 21... Nf4 $1 {Black has gained a positional edge.} 22. Ra2 $2 ({Correct is} 
22. Ne3) 22... Qb7 $1 23. Bf3 Qb3 $1 {Everything goes wonderful for Aronian.
He wins a pawn, while the games Bacrot - Radjabov and Vallejo Pons - Topalov
end in a draw about this time.} 24. Rc2 Nxd3 $1 25. Qxd3 Qxc4 26. Qxc4 Bxc4 27.
Bc6 Rb3 28. g3 g5 29. Re3 Ra3 30. Be4 Rxa5 31. g4 Bd5 32. f3 Bxe4 33. fxe4 Ra1+
34. Kg2 Rff1 35. Ree2 Rg1+ 36. Kh2 Rh1+ 37. Kg3 Rag1+ 38. Rg2 Re1 39. Rgf2 Re3+
40. Kg2 Rexh3 {Aronian had won the tournament (81/2/14) before Topalov,
Radjabov (8) and Lékó (71/2). Lékó lost the last two games.   The 23-years-old
Aronian has been very successful lately.} 0-1

[Event "Morelia/Linares"]
[Site "24"]
[Date "2007.02.17"]
[Round "1"]
[White "Carlsen, Magnus"]
[Black "Morozevich, Alexander"]
[Result "1-0"]
[WhiteElo "2690"]
[BlackElo "2741"]
[Annotator "JvR"]
[PlyCount "135"]
[EventDate "2007.??.??"]

{The first cycle was played in the Mexican city Morelia from 17 until 25 ii
2007. Playing hall was Theatro Ocampo. 16-years-old Magnus Carlsen had a great
start.} 1. d4 Nf6 2. c4 g6 3. g3 Bg7 4. Bg2 O-O 5. Nc3 d6 6. Nf3 c5 7. O-O Nc6
8. d5 Na5 9. Nd2 e5 10. b3 Ng4 11. h3 Nh6 12. Nde4 $1 {Carlsen takes the
initiative in the centre.} f6 13. Nxd6 $5 Qxd6 14. Ne4 Qd8 15. Nxc5 {White has
enough payoff for the piece.} f5 $5 {Morozovich returns the piece.} (15... Qc7
$1 {(Carlsen)} 16. Ba3 Rd8 {plays for a win.}) 16. d6 e4 17. d7 Nf7 18. Rb1 Qe7
19. dxc8=Q Raxc8 20. Na4 Rfd8 21. Qe1 Nc6 22. Nc3 Nd4 23. Bb2 b5 $1 24. Nd5 Qd6
25. Bxd4 Bxd4 26. Rd1 Be5 27. Qa5 bxc4 28. Ne3 Qc7 29. Qxc7 Bxc7 30. Nxc4 Ne5
31. Rxd8+ Rxd8 32. Rc1 Nxc4 33. Rxc4 {White has an extra pawn in the endgame.}
Rd1+ 34. Bf1 Bd6 35. e3 a5 36. Kg2 Kf7 37. Rc2 Ke7 38. Be2 Rd5 39. Bc4 Rd1 40.
g4 f4 $2 41. exf4 Bxf4 42. Re2 Rd4 43. Bd3 $1 Kf6 44. Bxe4 Rd2 45. Rxd2 Bxd2 {
Two extra pawns might not be enough in an ending with bishops of opposite
colour.} 46. Kg3 Be1 47. Kf3 Bb4 48. h4 h6 49. Ke2 Bd6 $6 ({Carlsen prefers} 
49... g5 $1 50. h5 Ke5) 50. Kd3 Bc5 51. f4 h5 52. g5+ Kg7 53. Kc4 Bd6 54. Kb5
Bxf4 ({Right is} 54... Bb4 $1 {(Carlsen) and White cannot create a winning
position.}) 55. Kxa5 Bg3 56. Kb5 $1 Bxh4 57. a4 Bxg5 58. a5 Kf6 59. a6 Be3 60.
Kc6 g5 61. b4 Ke5 62. b5 Kxe4 63. b6 g4 64. a7 g3 65. a8=Q Kf3 66. b7 Bf4 67.
Qf8 Ke4 68. Qe8+ 1-0